000 00937nam a22002417a 4500
999 _c533
_d533
003 AR-CdUCM
008 190225b ||||| |||| 00| 0 spa d
020 _a8472325878
040 _aMUNICIPALIDAD PROVINCIAL DEL CUSCO
_cBIBLIOTECA MUNICIPAL DEL CUSCO
082 _a809.1 /
_bK88
100 _aKovadloff, Santiago
_92083
245 _aLos Poderes del Poeta :
_bPoesia y Conocimiento en el Brasil del Siglo XX /
260 _aMadrid :
_bArtes Graficas Iris,
_c1991.
300 _a168 paginas ;
_c23 cm.
505 _aPrimeras palabras -- Manuel Bandeira: El poeta de los alumbramientos -- Cassiano Ricardo o el pesimismo combativo -- Cecilia Mendes: Al vaivén de lo uno y lo múltiple...
650 _aTemas pasionales
_92084
650 _aAmores perdidos
_92085
650 _aCartas de amor
_92086
650 _aSelección Universal
_92087
650 _apensamientos puros
_92088
942 _2ddc
_cLIBROS
945 _awnts
_d2019-02-25